| 000 | 01029nam0a2200349 4500 | ||
|---|---|---|---|
| 001 | RU\NLR\bibl\365658 | ||
| 005 | 20250621161939.0 | ||
| 010 |
_a5-94004-155-8 _92000 |
||
| 021 |
_aRU _b2002-58695 _92856 |
||
| 035 | _a(NLR Aleph) 000360228 | ||
| 090 |
_a331035 _c331035 |
||
| 100 | _a20030206d2002 |||y0rusy50 ca | ||
| 101 | 0 | _arus | |
| 102 | _aRU | ||
| 105 | _aa ||||||||| | ||
| 200 | 1 |
_aЗнаки и судьбы _e[Энциклопедия _fСост. Д. Вулфорд] |
|
| 210 |
_aРостов н/Д _cБАРО-пресс _d2002 |
||
| 215 |
_a509 с. _cил. _d21 |
||
| 606 | 0 |
_aАстрология _91178522 _3RU\NLR\auth\66156241 |
|
| 610 | 0 | _aОккультизм | |
| 675 |
_a133.54 _v3 _zrus |
||
| 686 |
_a02 _2rugasnti |
||
| 686 |
_a86.42 _2rubbk |
||
| 686 | _aЭ391.211 | ||
| 702 | 1 |
_aВулфорд _bД. _4220 |
|
| 801 | 0 |
_aRU _bRKP _c20030206 _gPSBO |
|
| 801 | 1 |
_aRU _bRKP _c20030206 |
|
| 801 | 2 |
_aRU _bNLR _c20030320 _grcr |
|
| 942 | _cBOOK | ||
| 980 | _aNB | ||